| 000 | 00950pam a2200301 a 4500 | ||
|---|---|---|---|
| 001 | 6928 | ||
| 003 | FISKH | ||
| 005 | 20260304143734.0 | ||
| 008 | 860902t19871971nyua j 000 1 eng | ||
| 010 | _a 86022331 | ||
| 020 | _a0689711379 (pbk.) | ||
| 020 | _a9780689711374 | ||
| 040 |
_aDLC _cDLC _dDLC _beng |
||
| 050 | _aPZ7.H96165 C | ||
| 082 | _a823.914 | ||
| 100 | 1 |
_aHutchins, Pat, _d1942-2017. |
|
| 245 | 1 | 0 |
_aChanges, changes / _cby Pat Hutchins. |
| 250 | _aFirst Aladdin paperback edition, 1987 | ||
| 260 |
_aNew York : _bAladdin Books, _c1971 |
||
| 300 |
_a30 unnumbered pages : _bcolor illstrations ; _c21 x 25 cm |
||
| 505 | _aNP | ||
| 520 | _aTwo wooden dolls rearrange wooden building blocks to form various objects. | ||
| 650 | 1 |
_aToys _vFiction. |
|
| 650 | 1 |
_aStories without words. _2Building Blocks _vStories without wordsc |
|
| 906 |
_a7 _bcbc _corignew _d1 _eocip _f19 _gy-gencatlg |
||
| 942 |
_2ddc _cBK _n0 |
||
| 999 |
_c6928 _d6928 |
||